000 00469nam a2200169Ia 4500
008 090123s9999 xx 000 0 und d
082 _b7803
100 _aजी.प्रकाश
245 _aब्लॉक अँड वैर
250 _a1
300 _a84
600 _aजी.प्रकाश
630 _aब्लॉक अँड वैर
700 _aजी.प्रकाश
730 _aब्लॉक अँड वैर
942 _cBOOK
999 _c45869
_d45869